• 首页
  • 本馆介绍
  • 公告通知
  • 最新文献
  • 馆藏检索
  • 电子资源
  • 读者导购
  • 参考咨询
  • 我的图书馆
  • 登录
  • 详细信息显示
  • 放入我的书架
  • 预约/预借图书
  • 作者相关作品
  • 分类相关作品
  • 丛书相关作品
  • 出版社相关作品

书目信息

  • 表格格式
  • 工作单格式
  • 卡片格式
题名:
古籍索引概论
    
 
作者: 潘树广 著
分册:  
出版信息: 北京   书目文献出版社  1984
页数: 253页
开本: 19cm
丛书名:
单 册:
中图分类: G257.2
科图分类:
主题词: 图书馆学 , 图书馆事业
电子资源:
ISBN:
000 00637nam0 2200253 45
001 0184004592
005 20040424153940.8
010    @dCNY1.10
091    @a7201.62
100    @a19950530d1984 em y0chiy0121 ea
101 0  @achi
102    @aCN@b110000
105    @ay z 000yy
106    @ar
200 10 @a古籍索引概论@Agu ji suo yin gai lun@f潘树广著
210    @a北京@c书目文献出版社@d1984
215    @a253页@d19cm
606 0  @a图书馆学
606 0  @a图书馆事业
690    @aG257.2
701  0 @a潘树广@Apan shu guang@4著
801  0 @aCN@b上海图书馆@c20040424
801  2 @aCN@bNLC@c20040424
905    @f1@b141013@dG257.2@e14
    
    古籍索引概论/潘树广著.-北京:书目文献出版社,1984
    253页;19cm
    
    
    ISBN :CNY1.10
    
●
相关链接 在E读中查询图书 在五车中查询图书 在当当中查询图书 在豆瓣中查询图书


正题名:古籍索引概论     索取号:G257.2/14         预约/预借

序号 登录号 条形码 馆藏地/架位号 状态 备注
1 0141011   000214360   密集书库/ [索取号:G257.2/14] 在馆    
2 0141012   000214501   密集书库/ [索取号:G257.2/14] 在馆    
3 0141013   000497974   密集书库/ [索取号:G257.2/14] 在馆    
4 0141014   000497983   密集书库/ [索取号:G257.2/14] 在馆    
5 0141015   000214468   密集书库/ [索取号:G257.2/14] 在馆    
6 0141016   000214495   密集书库/ [索取号:G257.2/14] 在馆    
7 0141017   000497947   密集书库/ [索取号:G257.2/14] 在馆    
8 0141018   000214324   密集书库/ [索取号:G257.2/14] 在馆    
9 0141019   000497956   第四借阅区/ [索取号:G257.2/14] 在馆    
10 0257722   000214404   密集书库/ [索取号:G257.2/14] 在馆    
11 0257723   000214486   密集书库/ [索取号:G257.2/14] 在馆    
12 0257724   000214440   密集书库/ [索取号:G257.2/14] 在馆    
欢迎您!
大连网信软件有限公司© 版权所有